Y kuşağını anlamak (Record no. 1990)

MARC details
000 -BAŞLIK
Sabit Uzunlukta Kontrol Alanı 00836na a2200289 4500
001 - KONTROL NUMARASI
Denetim Alanı 17933
003 - KONTROL NUMARASI IDENTIFIER
Denetim Alanı MIRAKIL
005 - SON İŞLEM TARİHİ VE ZAMANI
Denetim Alanı 20181213154842.0
008 - SABİT-BOY VERİ ELEMANLARI - GENEL BİLGİLER
Sabit Uzunlukta Kontrol Alanı 161108b tu 000 0
020 ## - ULUSLARARASI STANDART KİTAP NUMARASI
Uluslararası Standart Kitap Numarası 97899444933402
035 ## - SİSTEM KONTROL NUMARASI
Sistem Kontrol Numarası 17933
040 ## - KATALOGLAMA KAYNAK
Orijinal Kataloglama Ajansı Milas
Kataloglama Dili tur
Metne Dönüştürmek Ajansı TR-AnCHP
041 ## - DİL KODU
Metin / Ses Parça Veya Ayrı Başlığın Dil Kodu tur
082 ## - DEWEY ONLU SINIFLANDIRMA NUMARASI
Sınıflandırma Numarası 322.4
Ürün Numarası K75y 2014
090 ## - SINIFLAMA NUMARASI
Sınıflama Numarası 322.4 K75y 2014
100 ## - ANA GİRİŞ - KİŞİSEL İSİM
Kişisel Ad Kömürcüoğlu, Hüseyin
245 ## - BAŞLIK TABLOSU
Başlık Y kuşağını anlamak
Başlığın Kalan bir gezi parkı araştırması
Sorumluluk Tablosu, Vb Hüseyin Kömürcüoğlu
246 ## - UNVAN FORM VARYING
Başlık Doğru / Kısa Başlığı Bir gezi parkı araştırması
260 ## - YAYIN, DAĞITIM, VB
Yayın, Dağıtım, Vb Yeri Ankara
Yayıncı, Dağıtıcı, Vs Adı Kanguru Yayınları
Yayın, Dağıtım, Vb Tarihi 2014
300 ## - FİZİKSEL TANIM
Kapsam 160 s.
Diğer Fiziksel Ayrıntıları tbl.
Boyutlar 21 sm.
650 ## - KONU KATMA GİRİŞ - TOPİKAL DÖNEM
Topikal Süreli Veya Coğrafi Ad Giriş Elemanı Y kuşağı
Coğrafi Alt Bölümü Türkiye
650 ## - KONU KATMA GİRİŞ - TOPİKAL DÖNEM
Topikal Süreli Veya Coğrafi Ad Giriş Elemanı Gezi Parkı olayları
651 ## - KONU KATMA GİRİŞ - COĞRAFİ ADI
Coğrafi İsim Türkiye
Genel Alt Bölümü Ayaklanma ve isyan
700 ## - KATMA GİRİŞ - KİŞİSEL İSİM
Kişisel Ad Şeyben, Yasemin Burcu
700 ## - KATMA GİRİŞ - KİŞİSEL İSİM
Kişisel Ad Robins, Kevin
942 ## - EKLENDİ GİRİŞ ELEMANLARI (KOHA)
Sınıflandırma Veya Raf Düzeni Kaynak Dewey Decimal Classification
Koha Öğesi Türü Books
999 ## - SİSTEM KONTROL NUMARALARI (KOHA)
Koha Biblionumber 1990
Koha Biblioitemnumber 1990
Holdings
Kalıcı Konum Mevcut Konum Edinme Tarihi Edinim Kaynak Toplam Check-Out'Lar Tam Çağrı Numarası Barkod Tarih Son Görülme İtibaren Geçerli Fiyatlar Koha Öğesi Türü
CHP Kütüphanesi CHP Kütüphanesi 11/08/2016 Bağış   322.4 K75y 2014 009227 11/08/2016 11/08/2016 Books